Textbook of Applied Nutritionand Ditetics for Undergraduate Nursing Students (Record no. 252528)

MARC details
000 -LEADER
fixed length control field 00414pam a2200145a 44500
008 - FIXED-LENGTH DATA ELEMENTS--GENERAL INFORMATION
fixed length control field 230405s2021 xxu||||| |||| 00| 0 eng d
020 ## - INTERNATIONAL STANDARD BOOK NUMBER
International Standard Book Number 9788194727668
Terms of availability Rs. 450
082 ## - DEWEY DECIMAL CLASSIFICATION NUMBER
Classification number 610.73
Item number BAN
100 ## - MAIN ENTRY--PERSONAL NAME
Personal name Bandana
245 ## - TITLE STATEMENT
Title Textbook of Applied Nutritionand Ditetics for Undergraduate Nursing Students
260 ## - PUBLICATION, DISTRIBUTION, ETC.
Place of publication, distribution, etc. Panjab
Name of publisher, distributor, etc. Vision Health Sc. Pub.
Date of publication, distribution, etc. 2021
300 ## - PHYSICAL DESCRIPTION
Extent 356 p.
502 ## - DISSERTATION NOTE
Dissertation note text
906 ## - LOCAL DATA ELEMENT F, LDF (RLIN)
a 004504

No items available.